000 00618nam a2200241 a 4500
001 nice12345678
003 IN_TiNIC
005 20260116011547.0
008 050524s1938 lona grp 000 0 eng
020 _a
_c96
082 0 0 _a269.2
_bDAV
100 _aDavidson, Flora
245 _aHidden Highway Experiences on the North-West Frontire of India
260 _aLondon
_bFleming H Revell Compant
_c1938
300 _a191p
500 _aincludes index and biblioraphy
505 2 _aGlossary
650 _aEvangelistic Work
700 1 _aDavidson, Flora
902 _bSRS
942 _cBK
999 _c2617
_d2617